| 000 | 00683nam a2200193Ia 4500 | ||
|---|---|---|---|
| 003 | LDD | ||
| 008 | 190117s9999 xx 000 0 und d | ||
| 020 |
_a8186311084 _c₹250 |
||
| 040 | _cLDD | ||
| 041 | _ahi | ||
| 082 | _a8h3.709 अं7401मो | ||
| 100 | _aअंसारी, सफीउल्लाह | ||
| 245 | 0 |
_aमोहन राकेश का उपन्यास शिल्प _cसफीउल्लाह अंसारी |
|
| 260 |
_aनई दिल्ली _bप्रकाशन _c1995 |
||
| 300 | _a268 | ||
| 901 | _aHBC | ||
| 904 | _aReqst by : सत्यकाम | ||
| 942 |
_2ddc _cH |
||
| 999 |
_c153934 _d153934 |
||